Updated Top 5 Cities in Delaware by Population - Statistics

General Stats
  • This quiz has been taken 49 times
  • The average score is 4 of 5
Answer Stats
County City % Correct
Kent Dover
100%
New Castle Wilmington
100%
New Castle Newark
62%
Kent and New Castle Smyrna
52%
New Castle Middletown
38%
No matching quizzes found
Score Distribution
Percent of People with Each Score
Percentile by Number Answered
Your Score History
You have not taken this quiz